000 00494cam a22001337a 4500
008 180718b1959-62 xxu||||| |||| 00| 0 eng d
082 _aB3x561 In7
100 _aDincer, Nabi
245 _aEmigration and Immigration in Holland: policy and organization
_cby Nabi Dincer
260 _aAnkara
_bInstitute of Public Administration for Turkey and the Middle East
_c1959-62
300 _a13 pts. in 1
500 _a(Part of the pamphlets bound to gather)
650 _aPublic Administration - Turkey
999 _c370704
_d370704